Statistics for Unknown / Unpopular DC Comic Heroes Quiz

Click here to take the quiz!

General Stats

  • This quiz has been taken 17 times
  • The average score is 7 of 16

Answer Stats

Answer% Correct
The Atom
91%
Mister Miracle
73%
The Question
73%
Deadman
64%
Orion
55%
Vigilante
55%
The Creeper
45%
The Spectre
45%
Midnighter
36%
Ragman
36%
Azrael
27%
Aztek
27%
B'wana Beast
27%
Kamandi
18%
Voodoo
9%
Ultra-Man
0%

Score Distribution

Percentile by Number Answered

Percent of People with Each Score

Your Score History

You have not taken this quiz